United States History Atlas : to accompany United States history texts from McGraw-Hill Higher education

Gorde:
Xehetasun bibliografikoak
Formatua: Liburua
Hizkuntza:Undetermined
Argitaratua: Santa Barbara McGraw-Hill Higher education 2005
Gaiak:
Etiketak: Etiketa erantsi
Etiketarik gabe, Izan zaitez lehena erregistro honi etiketa jartzen!
Thư viện lưu trữ: Trung tâm Học liệu Trường Đại học Cần Thơ
LEADER 00598nam a2200181Ia 4500
001 CTU_178241
008 210402s9999 xx 000 0 und d
020 |c 1.88 
082 |a 911.73 
082 |b U58 
245 0 |a United States History Atlas : 
245 0 |b to accompany United States history texts from McGraw-Hill Higher education 
260 |a Santa Barbara 
260 |b McGraw-Hill Higher education 
260 |c 2005 
650 |a United States,Hoa Kỳ 
650 |x historical geography,Bản đồ địa lý lịch sử 
980 |a Trung tâm Học liệu Trường Đại học Cần Thơ